000 00444nam a22001697a 4500
003 koha_MIRAKIL
005 20231213095808.0
008 231213b |||||||| |||| 00| 0 ||| d
040 _aTR-IsEVY
_btur
_cTR-IsEVY
082 _a833.6 KLE/M
100 _aHeinrich von Kleist.
245 0 _aMichael Kohlhaas
_b(eski bir gerçek yaşam öyküsünden).
260 _b[s.n.,
300 _a[ ] p.
650 _aAlman Edebiyatı.
942 _2ddc
_cBK
999 _c9578
_d9578